00503nam a2200193 a 4500001001300000003000900013005001700022008004100039020000900080082001400089100001400103245003900117260002500156300000900181500003500190505004800225650002200273700001400295nice12345678IN_TiNIC20260116015046.0050524s1996 dela grp 000 0 eng  ac5000a253bTAY1 aTaylor, H aTend My Sheep (applied Theology 2) aDelhi bISPCK c1996 a305p aincludes index and biblioraphy2 aBibliography, Notes, Acknowledgments, Index aPastoral Theology1 aTaylor, H